The emergence of the global workplace (Record no. 107065)
[ view plain ]
| 000 -LEADER | |
|---|---|
| fixed length control field | 01208cam a22002175a 4500 |
| 001 - CONTROL NUMBER | |
| control field | L138214 |
| 008 - FIXED-LENGTH DATA ELEMENTS--GENERAL INFORMATION | |
| fixed length control field | 070522e2005 xxk f 100 0 eng d |
| 035 ## - SYSTEM CONTROL NUMBER | |
| System control number | (Sirsi) u138214 |
| 041 0# - LANGUAGE CODE | |
| Language code of text/sound track or separate title | eng |
| 100 1# - MAIN ENTRY--PERSONAL NAME | |
| Personal name | Wilkinson, Sara J. |
| 245 04 - TITLE STATEMENT | |
| Title | The emergence of the global workplace |
| Remainder of title | opportunities and barriers for building surveyors in Oceania |
| Medium | [electronic resource] |
| 260 ## - PUBLICATION, DISTRIBUTION, ETC. | |
| Date of publication, distribution, etc. | 2005 |
| 490 #0 - SERIES STATEMENT | |
| Series statement | COBRA |
| Volume/sequential designation | 2005 |
| 520 ## - SUMMARY, ETC. | |
| Summary, etc. | Discusses the political, economic and sociological variables affecting employment opportunities and professional services. Reports that quantity surveyors from the UK though that the fact that they were outsiders had an affect on their employment opportunities, while opportunities were perceived as emerging in new areas of professional services such as sustainability and energy efficiency. |
| 651 #4 - SUBJECT ADDED ENTRY--GEOGRAPHIC NAME | |
| Geographic name | OCEANIA |
| 690 ## - LOCAL SUBJECT ADDED ENTRY--TOPICAL TERM (OCLC, RLIN) | |
| Topical term or geographic name as entry element | BUILT ENVIRONMENT-BUILDING SURVEYING-BUILDING SURVEYORS |
| 700 1# - ADDED ENTRY--PERSONAL NAME | |
| Personal name | Russell, Gillian |
| 711 2# - ADDED ENTRY--MEETING NAME | |
| Meeting name or jurisdiction name as entry element | Construction and Building Research Conference |
| Location of meeting | University of Queensland, Brisbane |
| Date of meeting or treaty signing | 4-5 July 2005 |
| 856 40 - ELECTRONIC LOCATION AND ACCESS | |
| Uniform Resource Identifier | <a href="https://www.rics.org/site/scripts/download_info.aspx?downloadID=2544">https://www.rics.org/site/scripts/download_info.aspx?downloadID=2544</a> |
| Public note | View the item free of charge at www.rics.org... |
| 942 ## - ADDED ENTRY ELEMENTS (KOHA) | |
| Suppress in OPAC | 0 |
| Withdrawn status | Lost status | Source of classification or shelving scheme | Damaged status | Not for loan | Home library | Current library | Shelving location | Date acquired | Total Checkouts | Full call number | Barcode | Date last seen | Copy number | Price effective from | Koha item type |
|---|---|---|---|---|---|---|---|---|---|---|---|---|---|---|---|
| Dewey Decimal Classification | Virtual | Virtual | Online | 22/05/2007 | ONLINE PUBLICATION | 138214-2001 | 06/08/2019 | 1 | 06/08/2019 | Book |